Lý luận và phương pháp thể dục thể thao Sách giáo khoa dùng cho sinh viên các trường Đại học thể dục thể thao

Zapisane w:
Opis bibliograficzny
1. autor: Nguyễn Toán
Kolejni autorzy: Phạm Danh Tôn
Format: Książka
Wydane: H. Thể dục thể thao 2000
Wydanie:Tái bản
Hasła przedmiotowe:
Etykiety: Dodaj etykietę
Nie ma etykietki, Dołącz pierwszą etykiete!
Thư viện lưu trữ: Trung tâm Học liệu Lê Vũ Hùng, Trường Đại học Đồng Tháp
LEADER 01051pam a22002658a 4500
001 00022532
005 20171026081022.0
008 110531s2000 ||||||Viesd
041 0 # |a Vie 
082 1 4 |a 796.440 71  |b L600L 
100 0 # |a Nguyễn Toán 
245 0 0 |a Lý luận và phương pháp thể dục thể thao  |b Sách giáo khoa dùng cho sinh viên các trường Đại học thể dục thể thao  |c Nguyễn Toán, Phạm danh Tôn 
250 # # |a Tái bản  |b Có bổ sung 
260 # # |a H.  |b Thể dục thể thao  |c 2000 
300 # # |a 545 tr.  |c 21 cm. 
500 # # |a ĐTTS: Ủy ban thể dục thể thao trường Đại học thể dục thể thao 1 
650 # 4 |a Lý luận 
650 # 4 |a Phương pháp 
653 # # |a Giáo trình 
653 # # |a Thể dục thể thao 
700 0 # |a Phạm Danh Tôn 
852 # # |b Kho đọc  |j KD.0009545 
852 # # |j KD.0009545 
910 |d 31/05/2011 
980 # # |a Trung tâm Học liệu Lê Vũ Hùng, Trường Đại học Đồng Tháp